[Event "55th Rubinstein Memorial-A 2019"]
[Site "Polanica-Zdroj"]
[Date "2019.08.24"]
[Round "8.12"]
[White "Goslawski, Michal"]
[Black "Mazalon, Mariusz"]
[Result "1-0"]
[WhiteElo "2160"]
[BlackElo "2012"]
[Annotator "NA"]
[PlyCount "103"]
[EventDate "2019.08.17"]
[EventType "swiss"]
[EventCountry "POL"]
[SourceTitle "playchess.com"]
[Source "ChessBase"]
[SourceQuality "1"]
[TimeControl "40/5400+30:1800+30"]

1. Nf3 {[%emt 0:00:00]} Nf6 {[%emt 0:00:00]} 2. c4 {[%emt 0:00:10]} g6 {[%emt 0:00:16]} 3. g3 {[%emt 0:00:04]} Bg7 {[%emt 0:00:28]} 4. Bg2 {[%emt 0:00:05]} O-O {[%emt 0:00:07]} 5. O-O {[%emt 0:00:06]} d6 {[%emt 0:00:14]} 6. d4 {[%emt 0:00:05]} c6 {[%emt 0:00:56]} 7. Nc3 {[%emt 0:00:07]} a6 {[%emt 0:00:14]} 8. e4 {[%emt 0:00:13]} Bg4 {[%emt 0:01:03]} 9. h3 {[%emt 0:07:52]} Bxf3 {[%emt 0:03:24]} 10. Bxf3 {[%emt 0:03:10]} Nbd7 {[%emt 0:02:13]} 11. Kg2 {[%emt 0:03:49]} b5 {[%emt 0:03:19]} 12. Qe2 {[%emt 0:01:35]} e5 {[%emt 0:05:28]} 13. d5 {[%emt 0:00:43]} cxd5 {[%emt 0:06:25]} 14. cxd5 {[%emt 0:00:42]} b4 {[%emt 0:06:53]} 15. Na4 {[%emt 0:00:52]} Qa5 {[%emt 0:08:08]} 16. b3 {[%emt 0:10:51]} Nxd5 {[%emt 0:08:58]} 17. Rd1 {[%emt 0:00:07]} Nc3 {[%emt 0:07:03]} 18. Nxc3 {[%emt 0:00:17]} bxc3 {[%emt 0:00:02]} 19. Rxd6 {[%emt 0:01:03]} Nc5 {[%emt 0:02:17]} 20. Qc4 {[%emt 0:01:42]} Nb7 {[%emt 0:12:55]} 21. Rc6 {[%emt 0:04:30]} Rfd8 {[%emt 0:07:34]} 22. Qxc3 {[%emt 0:00:34]} Qxc3 {[%emt 0:00:22]} 23. Rxc3 {[%emt 0:00:13]} Nd6 {[%emt 0:00:03]} 24. Bg5 {[%emt 0:05:24]} f6 {[%emt 0:00:42]} 25. Be3 {[%emt 0:00:50]} f5 {[%emt 0:00:05]} 26. Rac1 {[%emt 0:03:45]} fxe4 {[%emt 0:00:45]} 27. Be2 {[%emt 0:00:32]} Nf5 {[%emt 0:01:34]} 28. Bg5 {[%emt 0:07:21]} Re8 {[%emt 0:03:15]} 29. Bc4+ {[%emt 0:00:32]} Kh8 {[%emt 0:00:20]} 30. Bd5 {[%emt 0:00:38]} Rab8 {[%emt 0:00:23]} 31. Bxe4 {[%emt 0:01:00]} Nd4 {[%emt 0:00:46]} 32. Rc4 {[%emt 0:00:19]} h6 {[%emt 0:00:17]} 33. Be3 {[%emt 0:00:11]} g5 {[%emt 0:00:04]} 34. Bxd4 {[%emt 0:01:17]} exd4 {[%emt 0:00:06]} 35. Bd3 {[%emt 0:00:28]} a5 {[%emt 0:01:11]} 36. R1c2 {[%emt 0:06:07]} Bf6 {[%emt 0:00:41]} 37. Rc6 {[%emt 0:01:08]} Kg7 {[%emt 0:00:31]} 38. Ra6 {[%emt 0:00:11]} Rbc8 {[%emt 0:02:02]} 39. Ra7+ {[%emt 0:00:09]} Kf8 {[%emt 0:00:08]} 40. Rxc8 {[%emt 0:04:35]} Rxc8 {[%emt 0:00:06]} 41. Bc4 {[%emt 0:00:14]} Rc6 {[%emt 0:05:03]} 42. Rxa5 {[%emt 0:00:37]} Ke7 {[%emt 0:00:15]} 43. Kf3 {[%emt 0:00:30]} h5 {[%emt 0:00:40]} 44. Ke4 {[%emt 0:00:36]} h4 {[%emt 0:00:18]} 45. gxh4 {[%emt 0:00:33]} gxh4 {[%emt 0:00:04]} 46. Ra7+ {[%emt 0:00:46]} Kd6 {[%emt 0:00:41]} 47. f4 {[%emt 0:01:23]} Kc5 {[%emt 0:00:15]} 48. a3 {[%emt 0:00:47]} Bd8 {[%emt 0:02:19]} 49. Rd7 {[%emt 0:01:08]} Bc7 {[%emt 0:00:19]} 50. Rd5+ {[%emt 0:00:31]} Kb6 {[%emt 0:00:08]} 51. Rxd4 {[%emt 0:00:42]} Rf6 {[%emt 0:00:09]} 52. f5 {[%emt 0:00:26]} 1-0

[Event "55th Rubinstein Memorial-A 2019"]
[Site "Polanica-Zdroj"]
[Date "2019.08.24"]
[Round "8.13"]
[White "Skurniak, Szymon"]
[Black "Wisniewski, Michal"]
[Result "1/2-1/2"]
[WhiteElo "1962"]
[BlackElo "2130"]
[Annotator "NA"]
[PlyCount "148"]
[EventDate "2019.08.17"]
[EventType "swiss"]
[EventCountry "POL"]
[SourceTitle "playchess.com"]
[Source "ChessBase"]
[SourceQuality "1"]
[TimeControl "40/5400+30:1800+30"]

1. e4 {[%emt 0:00:00]} d5 {[%emt 0:01:37]} 2. exd5 {[%emt 0:00:00]} Qxd5 {[%emt 0:00:05]} 3. Nc3 {[%emt 0:00:07]} Qa5 {[%emt 0:00:04]} 4. d4 {[%emt 0:00:08]} Nf6 {[%emt 0:00:05]} 5. Bc4 {[%emt 0:00:32]} c6 {[%emt 0:08:22]} 6. Nf3 {[%emt 0:01:22]} Bf5 {[%emt 0:02:01]} 7. Bd2 {[%emt 0:00:58]} Qc7 {[%emt 0:00:30]} 8. Ne5 {[%emt 0:06:35]} e6 {[%emt 0:00:26]} 9. g4 {[%emt 0:01:32]} Be4 {[%emt 0:03:00]} 10. Nxe4 {[%emt 0:12:27]} Nxe4 {[%emt 0:01:12]} 11. Bf4 {[%emt 0:05:17]} Nd7 {[%emt 0:07:15]} 12. Qe2 {[%emt 0:21:01]} Nxe5 {[%emt 0:03:33]} 13. Bxe5 {[%emt 0:07:58]} Qa5+ {[%emt 0:01:52]} 14. Kf1 {[%emt 0:00:20]} Nd2+ {[%emt 0:00:26]} 15. Kg2 {[%emt 0:00:39]} Nxc4 {[%emt 0:00:05]} 16. Qxc4 {[%emt 0:00:06]} Qd5+ {[%emt 0:00:03]} 17. Qxd5 {[%emt 0:00:09]} cxd5 {[%emt 0:00:04]} 18. Rhe1 {[%emt 0:03:42]} Rc8 {[%emt 0:00:05]} 19. h3 {[%emt 0:06:06]} Kd7 {[%emt 0:16:13]} 20. c3 {[%emt 0:02:40]} Rg8 {[%emt 0:00:19]} 21. a4 {[%emt 0:01:34]} Bd6 {[%emt 0:01:42]} 22. f4 {[%emt 0:03:20]} g6 {[%emt 0:01:16]} 23. Bxd6 {[%emt 0:00:44]} Kxd6 {[%emt 0:00:06]} 24. Kf3 {[%emt 0:01:42]} Rc6 {[%emt 0:06:01]} 25. Ke3 {[%emt 0:02:35]} Rb6 {[%emt 0:01:34]} 26. b4 {[%emt 0:01:53]} Rc6 {[%emt 0:00:30]} 27. Kd3 {[%emt 0:00:04]} Rgc8 {[%emt 0:00:15]} 28. Ra3 {[%emt 0:00:52]} Ke7 {[%emt 0:00:36]} 29. g5 {[%emt 0:02:15]} h6 {[%emt 0:00:37]} 30. h4 {[%emt 0:02:43]} Rh8 {[%emt 0:01:50]} 31. Re3 {[%emt 0:00:28]} hxg5 {[%emt 0:00:07]} 32. hxg5 {[%emt 0:00:01]} Rh1 {[%emt 0:00:17]} 33. Rf3 {[%emt 0:02:25]} Rc8 {[%emt 0:00:06]} 34. Ra2 {[%emt 0:01:40]} Rch8 {[%emt 0:00:09]} 35. Re2 {[%emt 0:00:43]} Kd6 {[%emt 0:02:55]} 36. Rff2 {[%emt 0:02:02]} Ra1 {[%emt 0:04:59]} 37. Rh2 {[%emt 0:03:00]} Rh1 {[%emt 0:02:05]} 38. Rxh8 {[%emt 0:00:15]} Rxh8 {[%emt 0:00:02]} 39. Re3 {[%emt 0:00:27]} Rh2 {[%emt 0:00:14]} 40. Re2 {[%emt 0:00:00]} Rh3+ {[%emt 0:00:00]} 41. Re3 {[%emt 0:03:05]} Rh4 {[%emt 0:03:01]} 42. Rf3 {[%emt 0:00:38]} Rh2 {[%emt 0:00:05]} 43. Rf1 {[%emt 0:10:28]} b6 {[%emt 0:00:20]} 44. a5 {[%emt 0:06:10]} bxa5 {[%emt 0:03:18]} 45. Ra1 {[%emt 0:01:32]} Rh3+ {[%emt 0:00:41]} 46. Kd2 {[%emt 0:03:51]} Kc6 {[%emt 0:00:08]} 47. bxa5 {[%emt 0:01:11]} Rf3 {[%emt 0:00:09]} 48. Rb1 {[%emt 0:00:21]} Rxf4 {[%emt 0:01:23]} 49. a6 {[%emt 0:00:11]} Rf2+ {[%emt 0:00:03]} 50. Kd3 {[%emt 0:00:24]} Ra2 {[%emt 0:08:59]} 51. Rb7 {[%emt 0:00:05]} Rxa6 {[%emt 0:00:04]} 52. Rxf7 {[%emt 0:00:09]} Ra2 {[%emt 0:00:04]} 53. Rf6 {[%emt 0:00:18]} Kd6 {[%emt 0:00:01]} 54. Rxg6 {[%emt 0:00:13]} a5 {[%emt 0:00:29]} 55. Rg8 {[%emt 0:01:03]} a4 {[%emt 0:00:08]} 56. g6 {[%emt 0:00:06]} Ke7 {[%emt 0:00:29]} 57. g7 {[%emt 0:00:59]} Kf7 {[%emt 0:00:09]} 58. Re8 {[%emt 0:00:04]} Rg2 {[%emt 0:00:20]} 59. Ra8 {[%emt 0:00:08]} Kxg7 {[%emt 0:00:35]} 60. Rxa4 {[%emt 0:00:05]} Kf6 {[%emt 0:00:03]} 61. Ra1 {[%emt 0:01:00]} Rg3+ {[%emt 0:00:16]} 62. Kd2 {[%emt 0:00:11]} e5 {[%emt 0:04:12]} 63. Rf1+ {[%emt 0:00:21]} Ke6 {[%emt 0:00:05]} 64. dxe5 {[%emt 0:00:05]} Kxe5 {[%emt 0:00:01]} 65. Re1+ {[%emt 0:00:12]} Kd6 {[%emt 0:00:04]} 66. Re3 {[%emt 0:00:13]} Rg2+ {[%emt 0:00:34]} 67. Re2 {[%emt 0:00:14]} Rg8 {[%emt 0:00:08]} 68. Kd3 {[%emt 0:00:18]} Kc5 {[%emt 0:00:04]} 69. Re3 {[%emt 0:00:42]} Rg1 {[%emt 0:00:05]} 70. Re2 {[%emt 0:00:43]} Rg3+ {[%emt 0:00:04]} 71. Re3 {[%emt 0:00:14]} Rxe3+ {[%emt 0:00:05]} 72. Kxe3 {[%emt 0:00:04]} Kc4 {[%emt 0:00:03]} 73. Kd2 {[%emt 0:00:03]} d4 {[%emt 0:00:03]} 74. cxd4 {[%emt 0:00:05]} Kxd4 {[%emt 0:00:02]} 1/2-1/2

[Event "55th Rubinstein Memorial-A 2019"]
[Site "Polanica-Zdroj"]
[Date "2019.08.24"]
[Round "8.14"]
[White "Oleksy, Krzysztof"]
[Black "Domanski, Lukasz"]
[Result "1-0"]
[WhiteElo "1840"]
[BlackElo "2058"]
[Annotator "NA"]
[PlyCount "60"]
[EventDate "2019.08.17"]
[EventType "swiss"]
[EventCountry "POL"]
[SourceTitle "playchess.com"]
[Source "ChessBase"]
[SourceQuality "1"]
[TimeControl "40/5400+30:1800+30"]

1. d4 {[%emt 0:00:00]} d5 {[%emt 0:01:42]} 2. c4 {[%emt 0:00:00]} dxc4 {[%emt 0:00:33]} 3. Nf3 {[%emt 0:00:05]} a6 {[%emt 0:00:06]} 4. e3 {[%emt 0:00:31]} Bg4 {[%emt 0:00:15]} 5. Bxc4 {[%emt 0:00:46]} e6 {[%emt 0:00:17]} 6. O-O {[%emt 0:00:46]} Nf6 {[%emt 0:00:26]} 7. Nc3 {[%emt 0:00:47]} Nc6 {[%emt 0:00:58]} 8. a3 {[%emt 0:06:40]} Bd6 {[%emt 0:02:05]} 9. b4 {[%emt 0:04:51]} O-O {[%emt 0:03:07]} 10. Bb2 {[%emt 0:00:51]} e5 {[%emt 0:03:09]} 11. dxe5 {[%emt 0:17:29]} Bxf3 {[%emt 0:05:06]} 12. Qxf3 {[%emt 0:04:04]} Nxe5 {[%emt 0:00:09]} 13. Qe2 {[%emt 0:01:26]} Nfg4 {[%emt 0:06:06]} 14. h3 {[%emt 0:09:09]} Qh4 {[%emt 0:14:10]} 15. Bb3 {[%emt 0:14:47]} Rae8 {[%emt 0:12:10]} 16. Ne4 {[%emt 0:12:59]} Nf3+ {[%emt 0:16:04]} 17. Qxf3 {[%emt 0:04:15]} Nh2 {[%emt 0:02:23]} 18. Qf5 {[%emt 0:03:06]} Rxe4 {[%emt 0:02:46]} 19. Rfd1 {[%emt 0:03:13]} Re7 {[%emt 0:14:22]} 20. Rxd6 {[%emt 0:01:41]} cxd6 {[%emt 0:00:10]} 21. Kxh2 {[%emt 0:00:56]} Rc7 {[%emt 0:03:09]} 22. Rd1 {[%emt 0:01:38]} Qe7 {[%emt 0:02:07]} 23. Bc2 {[%emt 0:04:24]} g6 {[%emt 0:00:14]} 24. Qe4 {[%emt 0:01:31]} Qxe4 {[%emt 0:01:10]} 25. Bxe4 {[%emt 0:00:04]} Rd7 {[%emt 0:01:43]} 26. Bd5 {[%emt 0:02:44]} Rc8 {[%emt 0:00:58]} 27. Rc1 {[%emt 0:01:37]} Re8 {[%emt 0:00:49]} 28. Kg3 {[%emt 0:00:20]} Kf8 {[%emt 0:01:24]} 29. Bf6 {[%emt 0:00:34]} Rb8 {[%emt 0:01:10]} 30. Kf3 {[%emt 0:01:16]} Re8 {[%emt 0:00:49] Ke4} 1-0

[Event "55th Rubinstein Memorial-A 2019"]
[Site "Polanica-Zdroj"]
[Date "2019.08.24"]
[Round "8.15"]
[White "Stachecki, Mikolaj"]
[Black "Siekanski, Janusz"]
[Result "1-0"]
[WhiteElo "1765"]
[BlackElo "2263"]
[Annotator "NA"]
[PlyCount "71"]
[EventDate "2019.08.17"]
[EventType "swiss"]
[EventCountry "POL"]
[SourceTitle "playchess.com"]
[Source "ChessBase"]
[SourceQuality "1"]
[TimeControl "40/5400+30:1800+30"]

1. e4 {[%emt 0:00:00]} c5 {[%emt 0:00:00]} 2. Nf3 {[%emt 0:00:00]} e6 {[%emt 0:00:00]} 3. d4 {[%emt 0:00:03]} cxd4 {[%emt 0:00:01]} 4. Nxd4 {[%emt 0:00:08]} Nf6 {[%emt 0:00:12]} 5. Nc3 {[%emt 0:00:08]} d6 {[%emt 0:00:10]} 6. Be2 {[%emt 0:00:10]} Be7 {[%emt 0:01:02]} 7. O-O {[%emt 0:00:19]} O-O {[%emt 0:00:27]} 8. f4 {[%emt 0:01:08]} Nc6 {[%emt 0:00:22]} 9. Kh1 {[%emt 0:00:17]} a6 {[%emt 0:02:50]} 10. a4 {[%emt 0:00:17]} Qc7 {[%emt 0:02:52]} 11. Be3 {[%emt 0:00:10]} Re8 {[%emt 0:01:04]} 12. Bd3 {[%emt 0:00:16]} Nxd4 {[%emt 0:03:20]} 13. Bxd4 {[%emt 0:00:08]} e5 {[%emt 0:00:16]} 14. Be3 {[%emt 0:00:07]} exf4 {[%emt 0:01:01]} 15. Rxf4 {[%emt 0:00:08]} Be6 {[%emt 0:00:34]} 16. Nd5 {[%emt 0:00:22]} Bxd5 {[%emt 0:03:57]} 17. exd5 {[%emt 0:00:08]} Rf8 {[%emt 0:09:55]} 18. Bd4 {[%emt 0:04:14]} Ne8 {[%emt 0:05:10]} 19. Qh5 {[%emt 0:19:45]} g6 {[%emt 0:01:25]} 20. Rf3 {[%emt 0:01:13]} Bf6 {[%emt 0:06:05]} 21. Bxf6 {[%emt 0:15:13]} Nxf6 {[%emt 0:00:16]} 22. Qh4 {[%emt 0:00:17]} Nxd5 {[%emt 0:26:52]} 23. Rh3 {[%emt 0:01:41]} h5 {[%emt 0:00:33]} 24. Qg5 {[%emt 0:01:27]} Ne7 {[%emt 0:06:47]} 25. Rxh5 {[%emt 0:00:52]} f5 {[%emt 0:03:17]} 26. Rh3 {[%emt 0:21:24]} Rae8 {[%emt 0:09:04]} 27. Re1 {[%emt 0:07:50]} Rf7 {[%emt 0:04:09]} 28. Qh6 {[%emt 0:06:04]} Rg7 {[%emt 0:00:55]} 29. Bxf5 {[%emt 0:00:55]} Nxf5 {[%emt 0:02:46]} 30. Qh8+ {[%emt 0:00:09]} Kf7 {[%emt 0:00:03]} 31. Qxe8+ {[%emt 0:00:15]} Kf6 {[%emt 0:00:01]} 32. Rf3 {[%emt 0:08:45]} Kg5 {[%emt 0:01:44]} 33. Qe4 {[%emt 0:00:56]} d5 {[%emt 0:00:34]} 34. Qxd5 {[%emt 0:03:29]} Rh7 {[%emt 0:00:44]} 35. Qe5 {[%emt 0:00:28]} Qxc2 {[%emt 0:01:03]} 36. Rg3+ 1-0

[Event "55th Rubinstein Memorial-A 2019"]
[Site "Polanica-Zdroj"]
[Date "2019.08.24"]
[Round "8.16"]
[White "Niedbala, Bartlomiej"]
[Black "Kaczmarek, Arkadiusz"]
[Result "1-0"]
[WhiteElo "2169"]
[BlackElo "1986"]
[Annotator "NA"]
[PlyCount "109"]
[EventDate "2019.08.17"]
[EventType "swiss"]
[EventCountry "POL"]
[SourceTitle "playchess.com"]
[Source "ChessBase"]
[SourceQuality "1"]
[TimeControl "40/5400+30:1800+30"]

1. e4 {[%emt 0:00:00]} e6 {[%emt 0:00:00]} 2. d3 {[%emt 0:00:19]} d5 {[%emt 0:00:00]} 3. Nd2 {[%emt 0:00:04]} Nf6 {[%emt 0:00:09]} 4. Ngf3 {[%emt 0:00:10]} c5 {[%emt 0:00:18]} 5. g3 {[%emt 0:00:16]} Nc6 {[%emt 0:00:12]} 6. Bg2 {[%emt 0:00:06]} Be7 {[%emt 0:00:19]} 7. O-O {[%emt 0:00:05]} O-O {[%emt 0:00:30]} 8. Re1 {[%emt 0:00:43]} b5 {[%emt 0:00:50]} 9. e5 {[%emt 0:07:01]} Nd7 {[%emt 0:00:27]} 10. Nf1 {[%emt 0:00:01]} a5 {[%emt 0:00:30]} 11. h4 {[%emt 0:01:20]} b4 {[%emt 0:00:17]} 12. Bf4 {[%emt 0:03:05]} a4 {[%emt 0:00:42]} 13. a3 {[%emt 0:00:35]} bxa3 {[%emt 0:00:26]} 14. bxa3 {[%emt 0:00:02]} Ba6 {[%emt 0:00:23]} 15. N1h2 {[%emt 0:07:33]} c4 {[%emt 0:15:16]} 16. d4 {[%emt 0:02:16]} c3 {[%emt 0:00:12]} 17. Bh3 {[%emt 0:21:50]} Kh8 {[%emt 0:22:06]} 18. Re3 {[%emt 0:08:37]} Na5 {[%emt 0:00:10]} 19. Ng5 {[%emt 0:02:22]} Qe8 {[%emt 0:03:41]} 20. Rxc3 {[%emt 0:06:15]} Nc4 {[%emt 0:03:37]} 21. Ng4 {[%emt 0:16:25]} Rb8 {[%emt 0:10:32]} 22. Qf3 {[%emt 0:01:47]} Rb2 {[%emt 0:08:23]} 23. Bf1 {[%emt 0:03:48]} Bd8 {[%emt 0:08:55]} 24. Qd3 {[%emt 0:13:36]} g6 {[%emt 0:03:53]} 25. Qf3 {[%emt 0:02:26]} h5 {[%emt 0:00:22]} 26. Nh2 {[%emt 0:01:27]} Ba5 {[%emt 0:09:42]} 27. Bxc4 {[%emt 0:00:24]} Bxc4 {[%emt 0:01:54]} 28. g4 {[%emt 0:00:52]} hxg4 {[%emt 0:02:52]} 29. Nxg4 {[%emt 0:00:02]} Bxc3 {[%emt 0:00:21]} 30. Qxc3 {[%emt 0:00:11]} Qb8 {[%emt 0:00:19]} 31. Kh2 {[%emt 0:01:18]} Rb1 {[%emt 0:01:15]} 32. Rxb1 {[%emt 0:00:28]} Qxb1 {[%emt 0:00:02]} 33. Nf6 {[%emt 0:00:33]} Nxf6 {[%emt 0:07:14]} 34. exf6 {[%emt 0:00:01]} Qf1 {[%emt 0:00:38]} 35. Qg3 {[%emt 0:00:42]} Kg8 {[%emt 0:00:15]} 36. Nh3 {[%emt 0:00:46]} Qe2 {[%emt 0:00:14]} 37. Be3 {[%emt 0:00:27]} Qh5 {[%emt 0:00:32]} 38. Ng5 {[%emt 0:00:01]} Be2 {[%emt 0:00:39]} 39. f3 {[%emt 0:00:12]} Rc8 {[%emt 0:00:21]} 40. c3 {[%emt 0:00:00]} Bd1 {[%emt 0:00:00]} 41. Kh3 {[%emt 0:05:54]} Bc2 {[%emt 0:08:51]} 42. Qe5 {[%emt 0:01:25]} Bd3 {[%emt 0:10:59]} 43. Bf4 {[%emt 0:03:26]} Bf5+ {[%emt 0:05:24]} 44. Kg3 {[%emt 0:01:22]} Qh8 {[%emt 0:00:10]} 45. Be3 {[%emt 0:04:31]} Qh5 {[%emt 0:03:14]} 46. Bf4 {[%emt 0:00:03]} Qh8 {[%emt 0:00:12]} 47. c4 {[%emt 0:04:32]} dxc4 {[%emt 0:05:05]} 48. d5 {[%emt 0:00:01]} exd5 {[%emt 0:00:08]} 49. Qe7 {[%emt 0:10:42]} Rf8 {[%emt 0:00:01]} 50. Bd6 {[%emt 0:00:43]} Qh6 {[%emt 0:00:01]} 51. Nxf7 {[%emt 0:00:19]} Rxf7 {[%emt 0:00:02]} 52. Qe8+ {[%emt 0:00:05]} Rf8 {[%emt 0:00:03]} 53. f7+ {[%emt 0:00:03]} Kh7 {[%emt 0:00:24]} 54. Bxf8 {[%emt 0:00:05]} Qc1 {[%emt 0:00:17]} 55. Bc5 {[%emt 0:00:28]} 1-0

[Event "55th Rubinstein Memorial-A 2019"]
[Site "Polanica-Zdroj"]
[Date "2019.08.24"]
[Round "8.17"]
[White "Praczukowski, Stanislaw"]
[Black "Luberanski, Jakub"]
[Result "1/2-1/2"]
[WhiteElo "2126"]
[BlackElo "1996"]
[Annotator "NA"]
[PlyCount "62"]
[EventDate "2019.08.17"]
[EventType "swiss"]
[EventCountry "POL"]
[SourceTitle "playchess.com"]
[Source "ChessBase"]
[SourceQuality "1"]
[TimeControl "40/5400+30:1800+30"]

1. d4 {[%emt 0:00:00]} Nf6 {[%emt 0:00:00]} 2. c4 {[%emt 0:00:00]} e6 {[%emt 0:00:00]} 3. g3 {[%emt 0:00:00]} Bb4+ {[%emt 0:00:00]} 4. Nd2 {[%emt 0:00:00]} c5 {[%emt 0:00:00]} 5. Ngf3 {[%emt 0:00:50]} cxd4 {[%emt 0:00:20]} 6. Nxd4 {[%emt 0:00:22]} Qb6 {[%emt 0:00:50]} 7. N4f3 {[%emt 0:01:57]} Ne4 {[%emt 0:05:41]} 8. e3 {[%emt 0:02:00]} O-O {[%emt 0:00:41]} 9. Bg2 {[%emt 0:03:47]} d5 {[%emt 0:01:21]} 10. O-O {[%emt 0:09:45]} Bxd2 {[%emt 0:03:51]} 11. Nxd2 {[%emt 0:00:35]} Nxd2 {[%emt 0:00:16]} 12. Qxd2 {[%emt 0:01:51]} dxc4 {[%emt 0:00:18]} 13. Qc3 {[%emt 0:02:47]} Nc6 {[%emt 0:01:24]} 14. Qxc4 {[%emt 0:02:27]} e5 {[%emt 0:00:40]} 15. b3 {[%emt 0:03:07]} Be6 {[%emt 0:00:10]} 16. Qh4 {[%emt 0:00:48]} Rfd8 {[%emt 0:02:07]} 17. Bb2 {[%emt 0:00:50]} Bd5 {[%emt 0:12:47]} 18. Be4 {[%emt 0:08:16]} Bxe4 {[%emt 0:02:01]} 19. Qxe4 {[%emt 0:00:02]} f6 {[%emt 0:00:46]} 20. Qc4+ {[%emt 0:01:33]} Kh8 {[%emt 0:00:10]} 21. Rfd1 {[%emt 0:00:54]} Rxd1+ {[%emt 0:07:16]} 22. Rxd1 {[%emt 0:00:37]} Rd8 {[%emt 0:00:13]} 23. Rd5 {[%emt 0:01:50]} Rxd5 {[%emt 0:01:18]} 24. Qxd5 {[%emt 0:00:08]} h6 {[%emt 0:01:02]} 25. Ba3 {[%emt 0:05:54]} Qa6 {[%emt 0:15:10]} 26. Bf8 {[%emt 0:09:10]} Qxa2 {[%emt 0:00:15]} 27. Qd7 {[%emt 0:00:58]} Qb1+ {[%emt 0:00:19]} 28. Kg2 {[%emt 0:00:06]} Qe4+ {[%emt 0:00:23]} 29. Kg1 {[%emt 0:00:12]} Qb1+ {[%emt 0:00:04]} 30. Kg2 {[%emt 0:00:05]} Qe4+ {[%emt 0:00:05]} 31. Kg1 {[%emt 0:07:56]} Qb1+ {[%emt 0:00:04]} 1/2-1/2

[Event "55th Rubinstein Memorial-A 2019"]
[Site "Polanica-Zdroj"]
[Date "2019.08.24"]
[Round "8.18"]
[White "Kulesza, Andrzej"]
[Black "Slomczewski, Michal"]
[Result "1/2-1/2"]
[WhiteElo "1940"]
[BlackElo "2115"]
[Annotator "NA"]
[PlyCount "80"]
[EventDate "2019.08.17"]
[EventType "swiss"]
[EventCountry "POL"]
[SourceTitle "playchess.com"]
[Source "ChessBase"]
[SourceQuality "1"]
[TimeControl "40/5400+30:1800+30"]

1. e4 {[%emt 0:00:00]} c5 {[%emt 0:00:16]} 2. Nf3 {[%emt 0:00:28]} e6 {[%emt 0:00:08]} 3. d4 {[%emt 0:00:39]} cxd4 {[%emt 0:00:07]} 4. Nxd4 {[%emt 0:00:41]} Nc6 {[%emt 0:00:04]} 5. Nc3 {[%emt 0:01:32]} Qc7 {[%emt 0:00:20]} 6. g3 {[%emt 0:02:33]} a6 {[%emt 0:00:44]} 7. Bg2 {[%emt 0:01:31]} Nf6 {[%emt 0:00:14]} 8. O-O {[%emt 0:01:55]} Nxd4 {[%emt 0:00:16]} 9. Qxd4 {[%emt 0:00:12]} Bc5 {[%emt 0:00:08]} 10. Qd1 {[%emt 0:01:12]} O-O {[%emt 0:07:01]} 11. Bf4 {[%emt 0:04:58]} d6 {[%emt 0:02:54]} 12. Na4 {[%emt 0:01:32]} e5 {[%emt 0:03:08]} 13. Nxc5 {[%emt 0:02:55]} dxc5 {[%emt 0:06:56]} 14. Bg5 {[%emt 0:03:13]} Rd8 {[%emt 0:13:03]} 15. Qe2 {[%emt 0:01:58]} Qb6 {[%emt 0:07:17]} 16. c3 {[%emt 0:05:28]} h6 {[%emt 0:09:27]} 17. Be3 {[%emt 0:03:14]} Be6 {[%emt 0:02:12]} 18. f3 {[%emt 0:07:11]} Qc7 {[%emt 0:09:19]} 19. Qf2 {[%emt 0:04:59]} b6 {[%emt 0:02:27]} 20. Rfc1 {[%emt 0:02:44]} Rd6 {[%emt 0:05:21]} 21. Bf1 {[%emt 0:02:28]} Rc6 {[%emt 0:01:41]} 22. c4 {[%emt 0:05:06]} Ne8 {[%emt 0:03:10]} 23. b3 {[%emt 0:02:36]} a5 {[%emt 0:03:02]} 24. a4 {[%emt 0:00:20]} Rd8 {[%emt 0:02:49]} 25. Rd1 {[%emt 0:00:52]} Rxd1 {[%emt 0:01:40]} 26. Rxd1 {[%emt 0:01:14]} Rd6 {[%emt 0:00:09]} 27. Rxd6 {[%emt 0:00:36]} Qxd6 {[%emt 0:00:12]} 28. Qd2 {[%emt 0:00:27]} Qxd2 {[%emt 0:00:45]} 29. Bxd2 {[%emt 0:00:05]} f6 {[%emt 0:00:39]} 30. Kg2 {[%emt 0:00:59]} Nd6 {[%emt 0:02:43]} 31. Bd3 {[%emt 0:01:53]} Kf7 {[%emt 0:01:22]} 32. h3 {[%emt 0:02:37]} Ke7 {[%emt 0:01:47]} 33. g4 {[%emt 0:02:36]} Nf7 {[%emt 0:00:36]} 34. h4 {[%emt 0:00:48]} Nd8 {[%emt 0:00:34]} 35. h5 {[%emt 0:01:10]} Nc6 {[%emt 0:00:22]} 36. Bc2 {[%emt 0:00:08]} Nd4 {[%emt 0:00:16]} 37. Bd1 {[%emt 0:00:06]} Kf7 {[%emt 0:01:11]} 38. Kg3 {[%emt 0:01:59]} Ke7 {[%emt 0:04:15]} 39. Kf2 {[%emt 0:03:46]} Kd6 {[%emt 0:00:08]} 40. Ke3 {[%emt 0:00:00]} Bd7 {[%emt 0:00:00] Kxd4} 1/2-1/2

[Event "55th Rubinstein Memorial-A 2019"]
[Site "Polanica-Zdroj"]
[Date "2019.08.24"]
[Round "8.19"]
[White "Szczurek, Krzysztof"]
[Black "Kacprzak, Kacper"]
[Result "1-0"]
[WhiteElo "2112"]
[BlackElo "1856"]
[Annotator "NA"]
[PlyCount "67"]
[EventDate "2019.08.17"]
[EventType "swiss"]
[EventCountry "POL"]
[SourceTitle "playchess.com"]
[Source "ChessBase"]
[SourceQuality "1"]
[TimeControl "40/5400+30:1800+30"]

1. Nf3 Nf6 2. g3 {[%emt 0:00:00]} d5 {[%emt 0:00:53]} 3. Bg2 {[%emt 0:00:00]} c5 {[%emt 0:00:31]} 4. O-O {[%emt 0:00:00]} Nc6 {[%emt 0:00:13]} 5. d3 {[%emt 0:00:00]} e5 {[%emt 0:01:52]} 6. Nbd2 {[%emt 0:00:04]} Be7 {[%emt 0:01:39]} 7. e4 {[%emt 0:00:06]} O-O {[%emt 0:02:34]} 8. c3 {[%emt 0:03:06]} Re8 {[%emt 0:05:42]} 9. Qe2 {[%emt 0:00:46]} Qc7 {[%emt 0:01:28]} 10. Ne1 {[%emt 0:04:31]} dxe4 {[%emt 0:03:01]} 11. dxe4 {[%emt 0:00:05]} Bf8 {[%emt 0:15:01]} 12. Nc2 {[%emt 0:02:32]} g6 {[%emt 0:03:28]} 13. Ne3 {[%emt 0:01:18]} Bg7 {[%emt 0:08:50]} 14. Nb3 {[%emt 0:03:01]} Na5 {[%emt 0:09:36]} 15. Nxa5 {[%emt 0:09:53]} Qxa5 {[%emt 0:00:06]} 16. Nc4 {[%emt 0:00:05]} Qa6 {[%emt 0:00:31]} 17. Re1 {[%emt 0:00:10]} b5 {[%emt 0:03:46]} 18. Na3 {[%emt 0:02:50]} c4 {[%emt 0:01:48]} 19. Nc2 {[%emt 0:00:55]} Bb7 {[%emt 0:01:24]} 20. a4 {[%emt 0:04:29]} bxa4 {[%emt 0:01:32]} 21. f3 {[%emt 0:00:16]} Nd7 {[%emt 0:01:27]} 22. Be3 {[%emt 0:01:30]} Bf8 {[%emt 0:04:50]} 23. Bf1 {[%emt 0:03:06]} Rac8 {[%emt 0:01:31]} 24. b3 {[%emt 0:11:20]} Nb6 {[%emt 0:07:39]} 25. Qf2 {[%emt 0:00:30]} Qb5 {[%emt 0:07:00]} 26. bxa4 {[%emt 0:03:43]} Qa5 {[%emt 0:00:27]} 27. Reb1 {[%emt 0:01:20]} Bc6 {[%emt 0:05:02]} 28. Nb4 {[%emt 0:06:22]} Bxa4 {[%emt 0:05:09]} 29. Bh3 {[%emt 0:12:56]} Rc5 {[%emt 0:02:11]} 30. Kh1 {[%emt 0:01:00]} Rb5 {[%emt 0:01:21]} 31. Bxb6 {[%emt 0:00:39]} axb6 {[%emt 0:00:40]} 32. Bd7 {[%emt 0:00:29]} Ra8 {[%emt 0:01:22]} 33. Bxb5 {[%emt 0:00:15]} Qxb5 {[%emt 0:00:04]} 34. Nd5 {[%emt 0:00:09]} 1-0